00545nam a2200169Ia 4500003000400000008004100004020001500045040000800060100002000068245008400088260004100172300000800213901002000221942001200241952010500253999001700358LDD181029s9999 xx 000 0 und d a8171880878 cLDD aKapila, Rituraj 0aAacademic foundation's concise encyclopaedia of nobel laureatescRituraj Kapila aNew DelhibAcademic Foundationc1992 a320 a314b12-03-1996 2ddccBK 00102ddc4070948033aLDDbLDDd2018-11-01l0o920.900144 Ac12p031356r2018-11-01w2018-11-01yBK c48034d48034